LEADER 02256nas0-2200577---450- 001 990000811580203316 005 20100419154059.0 011 $a0066-2062 035 $a0081158 035 $aUSA010081158 035 $a(ALEPH)000081158USA01 035 $a0081158 100 $a20011220f---0---9|||||ita|0103 ba 101 $afre 102 $aFR 110 $aaka ||||||| 200 1 $aAnnales de demographie historique$eetudes, chronique, comptes rendus$fSociete de demographie historique 210 $aParis$cSirey 215 $a24 cm 300 $aDescrizione basata su: 1966 300 $aNon pubblicato nel 2000 300 $aDal 2001 edito da Belin 326 $aAnnuale; dal 1998 semestrale 430 1$1001$12001$aEtudes et chronique de demographie historique$fSociete de demographie historique 676 $a304.605$v19 712 02$aSociete de demographie historique 801 0$aIT$bsalbc$gISBD 856 4 $uhttp://www.cairn.info/revue-annales-de-demographie-historique.htm$4.$zOnline da workstation autorizzate con 2 anni di embargo 912 $a990000811580203316 958 $aECO$bFondo$c1965-1974; 1976-1996; 1998-1999; 2001- 2003;$l1998-1999; 958 $aDISES$bANNDH .$d1649 DISES 959 $aSE 959 $aDISES$bANNDH .$d1649 DISES 969 $aDISES 979 $aPATTY$b90$c20011220$lUSA01$h1014 979 $aPATTY$b90$c20020319$lUSA01$h1442 979 $c20020403$lUSA01$h1727 979 $aPATRY$b90$c20040406$lUSA01$h1656 979 $aVITTORIANA$b90$c20050531$lUSA01$h1340 979 $aVITTORIANA$b90$c20050531$lUSA01$h1344 979 $aVITTORIANA$b90$c20060911$lUSA01$h1548 979 $aVITTORIANA$b90$c20100419$lUSA01$h1540 979 $aVITTORIANA$b90$c20100419$lUSA01$h1540 979 $c20121027$lUSA01$h1545 979 $c20121027$lUSA01$h1603 979 $c20121027$lUSA01$h1610 996 $aAnnales de démographie historique$9891467 997 $aUNISA DEB $aUSA237 Z30 2$lUSA50$LAdministrative$mISSUE$1ECO$AECO$3Fondo$5127640-10$820020204$a2000$b$c1$f09$FNON Prestabile$hN.1 (2000)$i20010628$j20010728 Z30 2$lUSA50$LAdministrative$mISSUE$1ECO$AECO$3Fondo$5127640-20$820020204$a2000$b$c2$f09$FNON Prestabile$hN.2 (2000)$i20011228$j20020127 LEADER 00953nam0-2200301 --450 001 9910747798303321 005 20231031155608.0 010 $a978-88-422-2274-3 073 1$a9788842222743 100 $a20231031d2013----kmuy0itay5050 ba 101 0 $aita 102 $aIT 105 $a 001yy 200 1 $aAlessandro Sanquirico$eteatro, feste, trionfi$e1777-1849$fVittoria Crespi Morbio 210 $aMilano$cAmici della Scala$aTorino [etc.]$cAllemandi$d2013 215 $a339 p.$cin gran parte ill.$d35 cm 225 1 $aSette dicembre 300 $aContiene saggi di Maria Ida Biggi e Gabriella Olivero. 676 $a792.025092$v23$zita 700 1$aCrespi Morbio,$bVittoria$0617114 702 1$aSanquirico,$bAlessandro 801 0$aIT$bUNINA$gREICAT$2UNIMARC 901 $aBK 912 $a9910747798303321 952 $a792.09 SANQ 01$b2019/1649$fFLFBC 959 $aFLFBC 996 $aAlessandro Sanquirico$93574759 997 $aUNINA